Quiz date-la seconde Guerre mondiale - Statistiques

Statistiques générales
  • Ce quiz a été pris 617 fois
    481 depuis la dernière actualisation
  • Le résultat moyen est 8 sur 21
Statistiques - réponses
Evénement Dates % Correct
Invasion de la Pologne par l'Allemagne 1er septembre 1939
85%
Appel du général de Gaulle 18 juin 1940
67%
Débarquement Allié en Normandie 6 juin 1944
65%
Capitulation de l'Allemagne 8 mai 1945
65%
Les États-Unis lancent une bombe atomique sur Hiroshima 6 août 1945
59%
Les États-Unis lancent une bombe atomique sur Nagasaki. 9 août 1945
58%
Attaque de Pearl Harbor par les Japonais 7 décembre 1941
53%
Suicide d'Hitler 30 avril 1945
42%
Armistice entre la France et l'Allemagne 22 juin 1940
39%
Annonce de Pétain pour faire cesser les combats 17 juin 1940
38%
Reddition du Japon 2 septembre 1945
36%
Invasion de la France par l'Allemagne 10 mai 1940
34%
Libération de Paris 25 août 1944
28%
Invasion de l'URSS par l'Axe 22 juin 1941
27%
Débarquement Allié en Provence 15 aout 1944
24%
Formation du gouvernement Philippe Pétain 16 juin 1940
21%
Invasion de la Pologne par l'URSS 17 septembre 1939
17%
Bataille de El Alamein 23 octobre - 3 novembre 1942
16%
Armistice entre la France et l'Italie 24 juin 1940
8%
Débarquement Allié en Sicile 10 juillet 1943
6%
Invasion de la Zone Libre 11 novembre 1942
6%
Aucun quiz correspondant
Distribution des résultats
% des personnes avec chaque résultat
Percentile par nombre de réponses
Votre historique - résultats
Vous n’avez pas pris ce quiz depuis la dernière actualisation